| 000 | 00536nam a22002057a 4500 | ||
|---|---|---|---|
| 005 | 20151109143230.0 | ||
| 008 | 151107b xxu||||| |||| 00| 0 eng d | ||
| 020 |
_a9780857053503 _c599 |
||
| 040 | _aLoreto College | ||
| 041 | _aEnglish | ||
| 082 |
_aF _bLAG |
||
| 100 | _aLagercrantz, David | ||
| 245 |
_aThe girl in the spider`S web _cDavid Lagercrantz |
||
| 260 |
_aLondon _bMaclehose Press _c2015 |
||
| 300 |
_a431p _b24cm |
||
| 650 | _aFiction in English | ||
| 700 |
_4tr. _aGoulding, George |
||
| 850 | _aLCLIB | ||
| 942 | _cBK | ||
| 999 |
_c40156 _d90635 |
||